[Event "Chinese Teams 2013"]
[Site "Qingdao CHN"]
[Date "2013.10.12"]
[Round "13.1"]
[White "Zhao Jun"]
[Black "Liu,Chang"]
[Result "1-0"]
[WhiteElo "2592"]
[BlackElo "2364"]

1.e4 d6 2.d4 g6 3.Nc3 Bg7 4.Be3 Nf6 5.h3 c6 6.a4 O-O 7.Nf3 Nbd7 8.Be2 e5
9.dxe5 dxe5 10.Qd6 Re8 11.Bc4 Qe7 12.Qxe7 Rxe7 13.a5 Bf8 14.O-O h6 15.b4 Re8
16.Rfb1 a6 17.Nd2 Kg7 18.Na4 Bd6 19.f3 Nf8 20.Nb6 Rb8 21.Nxc8 Rbxc8 22.c3 Ra8
23.Rd1 Bb8 24.Bb3 Ba7 25.Bb6 Bxb6+ 26.axb6 N6d7 27.Nc4 Re7 28.Rd6 Rc8 29.Rad1 Rb8
30.Kf2 Rc8 31.R1d2 Rce8 32.Ke1 Ra8 33.Kd1 Rc8 34.h4 h5 35.Kc2 Ra8 36.Kb2 Rc8
37.Ka3 Ra8 38.Ka4 Rb8 39.Ka5 Rc8 40.Ba4 Rb8 41.Ne3 Rc8 42.c4 Nf6 43.c5 Ne6
44.Nc4 Nd4 45.R2xd4 exd4 46.Rxd4 Rb8 47.Nd6 Ne8 48.Nxb7 Rexb7 49.Bxc6 Re7
50.Bxe8 Rbxe8 51.c6 Re6 52.c7 Rc6 53.Rd8  1-0

[Event "12th Istanbul Open A 2013"]
[Site "Istanbul TUR"]
[Date "2013.10.13"]
[Round "3.12"]
[White "Romi,I"]
[Black "Nuimat,Rayah"]
[Result "1-0"]
[WhiteElo "1990"]
[BlackElo "1692"]

1.e4 d6 2.d4 g6 3.Nc3 Bg7 4.Be3 Nd7 5.Qd2 e5 6.Nf3 Ne7 7.Bh6 O-O 8.Bxg7 Kxg7
9.O-O-O c6 10.dxe5 d5 11.exd5 cxd5 12.Nxd5 Nc6 13.Nf4 Qe8 14.Bb5 Ndxe5 15.Nxe5 Qxe5
16.Bxc6 bxc6 17.Rhe1 Qf6 18.Qd4 Bb7 19.Re7 Rfe8 20.Rxb7  1-0

[Event "TCh-FIN SM 2013-14"]
[Site "Oulu FIN"]
[Date "2013.10.13"]
[Round "4.8"]
[White "Graeffe,P"]
[Black "Jonhede,M"]
[Result "1-0"]
[WhiteElo "2027"]
[BlackElo "1889"]

1.e4 d6 2.d4 g6 3.Nc3 Bg7 4.g3 Nf6 5.Bg2 O-O 6.Nf3 Bg4 7.h3 Bxf3 8.Qxf3 Nc6
9.d5 Nd4 10.Qd3 c5 11.Ne2 Nxe2 12.Qxe2 e6 13.dxe6 fxe6 14.O-O Qe7 15.Bg5 h6
16.Bd2 Nh5 17.Rad1 Kh7 18.b4 Bd4 19.Kh2 Rac8 20.c3 Bf6 21.b5 b6 22.Qc4 Ng7
23.a4 e5 24.Qd5 Qe6 25.Qd3 Be7 26.Be3 Nh5 27.Ra1 g5 28.a5 Ra8 29.Qe2 Nf6
30.axb6 axb6 31.Ra6 Rxa6 32.bxa6 Qd7 33.Qa2 Kg7 34.Rb1 Rb8 35.f4 gxf4 36.gxf4 b5
37.Bf3 Bd8 38.Rg1+ Kh7 39.fxe5 dxe5 40.Bxc5 Ra8 41.a7 Qe8 42.Qg2 Qf7 43.Be2 Nd7
44.Bh5 Qf4+ 45.Kh1 Bg5 46.Rf1 Qh4 47.Rf7+ Kh8 48.Rxd7 Qxh5 49.Qg4 Qe8 50.Qf5  1-0

[Event "TCh-ISL Div1 2013-14"]
[Site "Reykjavik ISL"]
[Date "2013.10.13"]
[Round "5.5"]
[White "Teitsson,M"]
[Black "Hjartarson,J"]
[Result "0-1"]
[WhiteElo "2220"]
[BlackElo "2583"]

1.e4 g6 2.d4 Bg7 3.Nc3 d6 4.Nf3 Nf6 5.Be2 O-O 6.O-O c6 7.a4 a5 8.Re1 Qc7
9.Bf4 Nh5 10.Be3 e5 11.Qc1 Bg4 12.dxe5 dxe5 13.Ng5 Bxe2 14.Nxe2 Qe7 15.f3 Na6
16.c3 Nc5 17.Qc2 Bh6 18.h4 f6 19.b4 Nd7 20.Qa2+ Kh8 21.Nf7+ Rxf7 22.Bxh6 Ng7
23.Red1 Ne6 24.Rd2 f5 25.Rad1 Nf6 26.Rd6 Re8 27.bxa5 fxe4 28.fxe4 Nc5 29.Ng3 Nd5
30.R1xd5 cxd5 31.Qxd5 Nxa4 32.Ne2 Kg8 33.h5 gxh5 34.a6 bxa6 35.c4 Rb8 36.g3 h4
37.Kg2 hxg3 38.c5 Qh4 39.Nxg3 Nc3 40.Qxe5 Ne2 41.Nf5 Qg4+ 42.Kf2 Ng1 43.Rd3 Qe2+
44.Kxg1 Rb1+  0-1

[Event "Pankrac Cup 2013"]
[Site "Prague CZE"]
[Date "2013.10.15"]
[Round "6"]
[White "Neuman,P"]
[Black "Rasik,V"]
[Result "1-0"]
[WhiteElo "2499"]
[BlackElo "2465"]

1.e4 d6 2.d4 g6 3.Nc3 Bg7 4.Be3 Nf6 5.h3 O-O 6.g4 e5 7.dxe5 dxe5 8.Qxd8 Rxd8
9.Nf3 Nc6 10.Bc4 Nd4 11.O-O-O Bxg4 12.Bxf7+ Kf8 13.hxg4 Nxf3 14.Bc4 b6 15.Nd5 Nxg4
16.Rh3 Nd4 17.Bxd4 exd4 18.Rf3+ Ke8 19.Bb5+ Rd7 20.Bxd7+  1-0

[Event "Indonesia Open 2013"]
[Site "Jakarta INA"]
[Date "2013.10.16"]
[Round "10.18"]
[White "Hossain,Enam"]
[Black "Sonjaya,D"]
[Result "1/2-1/2"]
[WhiteElo "2445"]
[BlackElo "2265"]

1.e4 d6 2.d4 g6 3.Nc3 Bg7 4.Be3 c6 5.Qd2 b5 6.Bd3 a6 7.h3 Nd7 8.a4 Bb7 9.Nf3 Qc7
10.O-O Ngf6 11.Bh6 O-O 12.Rfe1 e5 13.dxe5 dxe5 14.Ne2 c5 15.Ng3 c4 16.Bf1 Rfe8
17.Bxg7 Kxg7 18.Qg5 Ng8 19.Rad1 h6 20.Qe3 Nc5 21.axb5 axb5 22.b3 Ra2 23.bxc4 bxc4
24.Bxc4 Rxc2 25.Rc1 Rxc1 26.Rxc1 Rc8 27.Bd5 Ba6 28.Nxe5 Qxe5 29.Rxc5 Rxc5
30.Qxc5 Nf6 31.Qc6 Bd3 32.Qb7 Nxd5 33.exd5 Bc4 34.Qb4 Bxd5 35.Qa5 Qd4  1/2-1/2

[Event "SPICE Cup Open 2013"]
[Site "St Louis USA"]
[Date "2013.10.17"]
[Round "5.13"]
[White "Adamson,R"]
[Black "Enkhtuul,A"]
[Result "1-0"]
[WhiteElo "2278"]
[BlackElo "2247"]

1.e4 g6 2.d4 Bg7 3.Nc3 d6 4.Be3 c6 5.Nf3 Bg4 6.Qd2 Nf6 7.h3 Bxf3 8.gxf3 d5
9.e5 Ng8 10.h4 h5 11.e6 fxe6 12.Rg1 Nd7 13.Rxg6 Bf6 14.Bh3 Nf8 15.Rg2 b5
16.O-O-O Qa5 17.Kb1 Kf7 18.Rdg1 c5 19.dxc5 d4 20.Ne4 Qxd2 21.Bxd2 Nh6 22.Ng5+ Bxg5
23.Rxg5 Rg8 24.Rd1 Rxg5 25.Bxg5 Nf5 26.Bxf5 exf5 27.Rxd4 Ne6 28.Rd5 Rd8 29.Rxf5+ Kg6
30.Re5 Rd1+ 31.Bc1 Kf6 32.f4 Nxf4 33.Re4 Ne6 34.b4 Kf5 35.Re3 Rd4 36.c3 Rxh4
37.Rf3+ Kg6 38.Be3 Rc4 39.Rg3+ Kf6 40.Kc2 a5 41.a3 axb4 42.axb4 Nc7 43.Kd3 e5
44.f3 Nd5 45.Bd2 h4 46.Rg8 Ne7 47.Rh8 Ng6 48.Rh5 Rf4 49.Ke2 Rc4 50.Kf2 Ke6
51.Rh6 Kf5 52.Rh5+ Ke6 53.Rg5 Kf6 54.Rg4 Rxg4 55.fxg4 Ke6 56.Kg2 Kd5 57.Kh3 e4
58.g5 Ke5 59.Kg4 Kd5 60.Be1 e3 61.Kf3 h3 62.Bg3 Nf8 63.Kxe3 Ne6 64.g6 Ng7
65.Kf3 Kc6 66.Bf2 Nf5 67.Bd4 Nh4+ 68.Kg3 Nxg6 69.Kxh3 Kd5 70.Kg4 Ne7 71.Kg5 Kc6
72.Kf6 Nd5+ 73.Ke5 Nc7 74.Be3 Nd5 75.Kd4 Nc7 76.Bf4 Ne6+ 77.Ke4 Nd8 78.Bd6 Nb7
79.Be7 Kd7 80.Bh4 Ke6 81.Kd4 Kd7 82.Kd5 Kc7 83.c6 Nd6 84.Bg3  1-0

[Event "TCh-Belgrade Premier liga 2013"]
[Site "Belgrade SRB"]
[Date "2013.10.18"]
[Round "7.2"]
[White "Dimitrijevic,R"]
[Black "Popovic,AM"]
[Result "1/2-1/2"]
[WhiteElo "2286"]
[BlackElo "2281"]

1.e4 g6 2.d4 Bg7 3.Nc3 d6 4.g3 Nf6 5.Bg2 O-O 6.Nge2 Nbd7 7.O-O e5 8.h3 Re8
9.d5 Nb6 10.a4 a5 11.b3 c6 12.Bg5 h6 13.Be3 cxd5 14.Bxb6 Qxb6 15.Nxd5 Nxd5
16.Qxd5 Be6 17.Qd3 d5 18.exd5 e4 19.Bxe4 Bxh3 20.Rfe1 Bxa1 21.Rxa1 Qf6 22.Nd4 Re5
23.Bf3 Rae8 24.Qd2 Re4 25.Bxe4 Rxe4 26.c3 Rxd4 27.Qxh6 Rxd5 28.Qxh3 Qxc3
29.Rb1 Qc2 30.Qf1 Rd2 31.Re1 Qxb3 32.Re8+ Kg7 33.Qh3 Qd1+ 34.Kg2 Qh5 35.Qxh5 gxh5
36.Re5 b6 37.Rxh5 Rd4 38.Rh4 Rd3 39.Kf1 Rd2 40.Kg2 Rb2 41.Kf3 Kf6 42.Ke3 Ke5
43.Re4+ Kd5 44.Rf4 Ke6  1/2-1/2

[Event "17th Unive Open 2013"]
[Site "Hoogeveen NED"]
[Date "2013.10.18"]
[Round "1.32"]
[White "De Jonge,Boris"]
[Black "Lorscheid,G"]
[Result "0-1"]
[WhiteElo "2002"]
[BlackElo "2218"]

1.e4 d6 2.d4 g6 3.Nc3 Bg7 4.Be3 a6 5.f4 b5 6.a3 Bb7 7.Bd3 Nd7 8.Nf3 c5 9.d5 Ngf6
10.h3 O-O 11.O-O Qc7 12.Nd2 e6 13.dxe6 fxe6 14.f5 exf5 15.exf5 Rae8 16.Bg5 c4
17.Be2 Ne5 18.Bxf6 Rxf6 19.Nde4 Rxf5 20.Qxd6 Qd8 21.Rad1 Qh4 22.Rxf5 gxf5
23.Nc5 Nf7 24.Qd2 Rd8 25.Nd7 Qg3 26.Bf1 Ne5 27.Nxe5 Rxd2 28.Rxd2 Qe3+  0-1

[Event "12th Istanbul Open A 2013"]
[Site "Istanbul TUR"]
[Date "2013.10.18"]
[Round "9.11"]
[White "Gundogan,Sinem Cagla"]
[Black "Ozalp,B"]
[Result "1-0"]
[WhiteElo "1722"]
[BlackElo "2044"]

1.e4 g6 2.d4 Bg7 3.Nc3 d6 4.f4 a6 5.a4 Nf6 6.Nf3 O-O 7.Be2 c5 8.O-O cxd4
9.Nxd4 Qb6 10.a5 Qc7 11.Be3 Nc6 12.Nb3 Be6 13.Nd5 Qb8 14.Nb6 Nxe4 15.Bf3 d5
16.Nxa8 Qxa8 17.Nd4 Nd6 18.Re1 Nc4 19.Nxe6 Nxe3 20.Rxe3 fxe6 21.Rxe6 d4 22.Bxc6 bxc6
23.Rxe7 Bf6 24.Re6 c5 25.Qe2 Qb8 26.Qxa6 Qxb2 27.Rae1 Qc3 28.Qd6 Kg7 29.R1e2 Qa1+
30.Kf2 d3 31.cxd3 g5 32.R6e4 Qxa5 33.Kg3 gxf4+ 34.Rxf4 h5 35.Re7+ Kg6 36.Re6 h4+
37.Kh3 Qc3 38.Qxf8 Qxd3+ 39.Rf3  1-0

[Event "TCh-AUT 2nd West 2013-14"]
[Site "Austria AUT"]
[Date "2013.10.19"]
[Round "2.1"]
[White "Medvegy,Z"]
[Black "Roth,Pe"]
[Result "1-0"]
[WhiteElo "2536"]
[BlackElo "2174"]

1.d4 g6 2.e4 Bg7 3.Nc3 d6 4.f4 Nf6 5.Nf3 O-O 6.Bd3 Na6 7.O-O c5 8.d5 Nc7
9.a4 e6 10.dxe6 Nxe6 11.Bc4 Nd4 12.Nxd4 cxd4 13.Qxd4 Ng4 14.Qd2 Qc7 15.Bd5 Qc5+
16.Kh1 Bd4 17.Nd1 Bg7 18.Ra3 Nf6 19.b4 Qc7 20.Nc3 Bd7 21.Qd3 Rac8 22.Be3 Rfe8  1-0

[Event "TCh-AUT 2nd West 2013-14"]
[Site "Austria AUT"]
[Date "2013.10.19"]
[Round "2.1"]
[White "Lanka,Z"]
[Black "Burschowsky,M"]
[Result "1-0"]
[WhiteElo "2440"]
[BlackElo "2201"]

1.e4 g6 2.d4 Bg7 3.Nc3 d6 4.f4 e6 5.Nf3 a6 6.Bd3 Ne7 7.Be3 Nd7 8.O-O Nf6
9.Qe1 b5 10.a4 b4 11.Nd1 Rb8 12.h3 Bb7 13.Bd2 c5 14.dxc5 dxc5 15.e5 Nfd5
16.Nf2 O-O 17.Ne4 Qc7 18.b3 a5 19.Qf2 Rbc8 20.Rae1 Nf5 21.g4 Nd4 22.Nxd4 cxd4
23.Nd6 Ne3 24.Bxe3 dxe3 25.Qxe3 Rb8 26.f5 f6 27.Nxb7 Qxb7 28.g5 fxg5 29.f6 Bh6
30.Bc4 Rbe8 31.Rd1 Rf7 32.Rd6 Qc8 33.Bb5 Rd8 34.Qd4 Rdf8 35.Bd7 Qxc2 36.Bxe6 g4
37.Bxf7+ Rxf7 38.Rd8+ Bf8 39.e6  1-0

[Event "29th ECC Open 2013"]
[Site "Rhodes GRE"]
[Date "2013.10.20"]
[Round "1.6"]
[White "Pergel,L"]
[Black "Gass,U"]
[Result "1-0"]
[WhiteElo "2249"]
[BlackElo "2116"]

1.e4 g6 2.d4 d6 3.Nc3 Bg7 4.Be2 Nf6 5.Nf3 O-O 6.O-O Bg4 7.Re1 Nc6 8.d5 Ne5
9.Nxe5 Bxe2 10.Qxe2 dxe5 11.a4 a6 12.a5 Qc8 13.Na4 e6 14.c4 exd5 15.cxd5 Nh5
16.Bd2 Qd8 17.Nc5 Rb8 18.Rec1 Re8 19.Ra3 Nf4 20.Qf1 c6 21.g3 Ne6 22.dxe6 Qxd2
23.exf7+ Kxf7 24.Qc4+ Kf6 25.Rd3 Qxa5 26.h4 Bh6 27.Rd6+ Kg7 28.Rd7+  1-0

[Event "29th ECC Open 2013"]
[Site "Rhodes GRE"]
[Date "2013.10.20"]
[Round "1.3"]
[White "Joyce,J"]
[Black "Yilmazyerli,M"]
[Result "0-1"]
[WhiteElo "2174"]
[BlackElo "2414"]

1.e4 g6 2.d4 Bg7 3.Nc3 d6 4.Be3 a6 5.Qd2 b5 6.Bd3 Bb7 7.a4 b4 8.Nd1 a5 9.f3 Nd7
10.Ne2 e5 11.c3 Ngf6 12.cxb4 d5 13.exd5 Nxd5 14.Bg5 Bf6 15.Bxf6 Qxf6 16.bxa5 exd4
17.O-O O-O 18.b4 c5 19.bxc5 Nxc5 20.Rb1 Rad8 21.Rf2 Nc3 22.Rb6 Qe5 23.a6 Ba8
24.a5 Nxd3 25.Qxd3 Qxa5 26.Rb2 Nxd1 27.Qxd1 d3 28.Nc1 Rfe8 29.Rbd2 Re3 30.Rfe2 Rxe2
31.Nxe2 Bc6 32.Nc1 Ba4 33.Qe1 Re8 34.Qf2 Bc2 35.g3 Qxa6 36.Kg2 Qc4 37.h4 Qc3  0-1

[Event "29th ECC Open 2013"]
[Site "Rhodes GRE"]
[Date "2013.10.20"]
[Round "1.5"]
[White "Christensen,St"]
[Black "Schlenter,Ruediger"]
[Result "1-0"]
[WhiteElo "2278"]
[BlackElo "1929"]

1.e4 d6 2.d4 g6 3.Nc3 Bg7 4.Nf3 a6 5.Be2 b5 6.a3 Bb7 7.O-O e6 8.Bg5 Ne7 9.Qd2 h6
10.Be3 Nd7 11.Rad1 Rc8 12.Rfe1 Kf8 13.e5 Bxf3 14.Bxf3 d5 15.a4 b4 16.Na2 a5
17.c3 b3 18.Nc1 Rb8 19.Be2 c6 20.c4 Rb4 21.c5 Nf5 22.Qc3 Qb8 23.f4 h5 24.Bf2 Bh6
25.g3 Kg7 26.h3 Kf8 27.Rd3 h4 28.g4 Ng3 29.Bxg3 hxg3 30.g5 Bg7 31.Rxg3 Rh4
32.Bg4 Rc4 33.Qxa5 Rxd4 34.Rxb3 Qc8 35.Rb4 Rd2 36.Qa7 Rc2 37.Rb7 Ke8 38.b4 Bf8
39.Rc7 Qd8 40.Qb7  1-0

[Event "TCh-Belgrade Premier liga 2013"]
[Site "Belgrade SRB"]
[Date "2013.10.21"]
[Round "10.3"]
[White "Kiproski,B"]
[Black "Ravic,N"]
[Result "1/2-1/2"]
[WhiteElo "2099"]
[BlackElo "2308"]

1.d4 g6 2.e4 Bg7 3.Nc3 d6 4.Be3 Nd7 5.f4 c6 6.e5 Nh6 7.g4 Qb6 8.exd6 Nxg4
9.Bd2 Nh6 10.Qe2 O-O 11.dxe7 Re8 12.O-O-O Nf5 13.Nf3 Rxe7 14.Qg2 Nf6 15.Bd3 Be6  1/2-1/2

[Event "TCh-Belgrade Premier liga 2013"]
[Site "Belgrade SRB"]
[Date "2013.10.21"]
[Round "10.6"]
[White "Tosic,S"]
[Black "Indjic,A"]
[Result "1-0"]
[WhiteElo "2390"]
[BlackElo "2540"]

1.d4 d6 2.e4 g6 3.Nc3 Bg7 4.Nf3 a6 5.a4 b6 6.Bd3 Bb7 7.O-O Nd7 8.Qe2 e6 9.Re1 Ne7
10.Bf4 h6 11.h3 g5 12.Bh2 Ng6 13.Qd2 e5 14.Ne2 Nh4 15.Nxh4 gxh4 16.c3 Qe7
17.f4 h5 18.Qc2 Rg8 19.Kh1 Bh6 20.Rf1 O-O-O 21.b4 Rg7 22.Rf2 Rdg8 23.Re1 f5
24.c4 Nf6 25.d5 fxe4 26.Bxe4 Nxe4 27.Qxe4 exf4 28.Nxf4 Qxe4 29.Rxe4 b5 30.axb5 axb5
31.Nxh5 Rg6 32.Rxh4 bxc4 33.Rxc4 Bxd5 34.Rcc2 Re8 35.Bf4 Be4 36.Rce2 d5 37.Bxh6 Rxh6
38.Nf4 Rg8 39.Rd2 Rg5 40.Kh2 Kb7 41.g3 Kb6 42.Rf1 Kb5 43.Rc1 c6 44.Ne2 Kb6
45.Nd4 Rg7 46.Ra1 Rb7 47.Rf2 Bd3 48.Rf3 Bc4 49.g4 c5 50.bxc5+ Kxc5 51.Rd1 Rg6
52.Kg3 Re7 53.Nf5 Re4 54.Rf4 Re2 55.h4 Ra6 56.h5 Ra3+ 57.Kh4 Rh2+ 58.Kg5 Rah3
59.Rfd4  1-0

[Event "Caissa IM Oct 2013"]
[Site "Kecskemet HUN"]
[Date "2013.10.21"]
[Round "3.1"]
[White "Lyell,M"]
[Black "Farkas,Ti"]
[Result "1-0"]
[WhiteElo "2259"]
[BlackElo "2257"]

1.e4 g6 2.Nc3 Bg7 3.d4 d6 4.Be3 a6 5.h4 Nf6 6.Be2 h5 7.Nh3 Bxh3 8.Rxh3 Nbd7
9.f4 e6 10.e5 Ng8 11.d5 dxe5 12.dxe6 fxe6 13.Qd3 Nf8 14.Qe4 c6 15.fxe5 Qc7
16.O-O-O Ne7 17.Bg5 Nd5 18.Bc4 Bh6 19.Bxh6 Rxh6 20.Bxd5 exd5 21.Rxd5 cxd5
22.Nxd5 Qc5 23.Nf6+ Kf7 24.Qxb7+ Nd7 25.Nxd7 Qg1+ 26.Kd2 Ra7 27.Qf3+ Ke7
28.Qf6+ Ke8 29.Qf8+ Kxd7 30.Rd3+ Kc7 31.Qd6+ Kc8 32.Qc6+  1-0

[Event "17th Unive Open 2013"]
[Site "Hoogeveen NED"]
[Date "2013.10.22"]
[Round "5.18"]
[White "Den Hartog,Marijn"]
[Black "Pel,B"]
[Result "0-1"]
[WhiteElo "1998"]
[BlackElo "2291"]

1.e4 d6 2.d4 g6 3.Nc3 Bg7 4.f4 Nf6 5.Nf3 O-O 6.Be2 Na6 7.O-O c5 8.d5 Nc7
9.Qe1 Rb8 10.Qh4 b5 11.f5 b4 12.Nd1 gxf5 13.Bh6 Nxe4 14.Nf2 e6 15.Ng5 Nxg5
16.Bxg5 f6 17.Bd2 Nxd5 18.Nd3 e5 19.Rf3 f4 20.g4 f5 21.Qxd8 Rxd8 22.gxf5 Bxf5
23.Nf2 Nf6 24.Bd3 Bg6 25.Re1 Rbc8 26.b3 Re8 27.Bb5 Bxc2 28.Bxe8 Rxe8 29.Rh3 Bf5
30.Rf3 Kf7 31.Rc1 Re6 32.Nh3 Ne4 33.Be1 Rh6 34.Nf2 Ng5  0-1

[Event "17th Unive Open 2013"]
[Site "Hoogeveen NED"]
[Date "2013.10.22"]
[Round "5.31"]
[White "Hendriks,Ric"]
[Black "Martinello,C"]
[Result "1-0"]
[WhiteElo "2104"]
[BlackElo "2163"]

1.Nc3 d6 2.d4 g6 3.e4 Bg7 4.f4 Nc6 5.Be3 Bd7 6.Nf3 e6 7.Be2 Nge7 8.O-O d5
9.Kh1 h5 10.Bf2 dxe4 11.Nxe4 Nf5 12.c3 Qe7 13.Nc5 Bc8 14.Bb5 Qd6 15.Ne5 Ne7
16.Bh4 O-O 17.Ne4 Qd5 18.Bxc6 bxc6 19.Nf6+ Bxf6 20.Bxf6 Nf5 21.Rf3 Bb7 22.Nd3 c5
23.Nxc5 Bc6 24.b3 Qd6 25.Rh3 Qxf4 26.Qe2 Ne3 27.Rxe3 Qxf6 28.Rf1 Qg7 29.Nd3 a5
30.Ne5 Bb7 31.Nd7 Ba6 32.c4 Rfd8 33.Nf6+ Kh8 34.Rh3 Rd5 35.Nxd5 exd5 36.Re3 Rf8
37.Re8 dxc4 38.bxc4 Kg8 39.Rxf8+ Qxf8 40.h3 Qd8 41.a3 Qd7 42.Re1 Qxd4 43.Qe8+ Kg7
44.Qe5+ Qxe5 45.Rxe5 Bxc4 46.Rxa5 c6 47.a4  1-0

[Event "29th ECC Open 2013"]
[Site "Rhodes GRE"]
[Date "2013.10.22"]
[Round "3.13"]
[White "Pedersen,JanR"]
[Black "Petenyi,T"]
[Result "0-1"]
[WhiteElo "2219"]
[BlackElo "2464"]

1.e4 g6 2.d4 Bg7 3.Nc3 d6 4.Nf3 c6 5.a4 Bg4 6.Be2 Bxf3 7.Bxf3 Qb6 8.Ne2 c5
9.a5 Qc7 10.c3 e5 11.Be3 Nd7 12.O-O Ngf6 13.Qd2 O-O 14.Rfd1 Rad8 15.Bg5 Rfe8
16.b4 d5 17.Ng3 exd4 18.exd5 dxc3 19.Qxc3 h6 20.d6 Qb8 21.bxc5 hxg5 22.Rab1 Ne4
23.Qc4 Nexc5 24.Bd5 Rf8 25.Ne4 Nxe4 26.Bxe4 Ne5 27.Qd5 Rd7 28.Rxb7 Rxb7 29.Qxb7 Qxb7
30.Bxb7 Rd8 31.g3 Nc4 32.d7 Nxa5 33.Ba6 Nc6 34.Rc1 Ne5 35.Bb5 Kf8 36.Rc7 a6
37.Ba4 Ke7 38.Ra7 Nxd7 39.Rxa6 Bd4 40.Bxd7 Rxd7 41.Ra2 Rb7 42.Rd2 Rb4  0-1

[Event "17th Unive Open 2013"]
[Site "Hoogeveen NED"]
[Date "2013.10.24"]
[Round "7.14"]
[White "Bezemer,A"]
[Black "Hulshof,P"]
[Result "1/2-1/2"]
[WhiteElo "2327"]
[BlackElo "2206"]

1.d4 g6 2.e4 Bg7 3.Nc3 d6 4.Bg5 h6 5.Bh4 a6 6.f4 Nd7 7.Nf3 c5 8.Qd2 cxd4
9.Nxd4 Ngf6 10.O-O-O Qc7 11.Be2 O-O 12.Bf3 Nb6 13.Rhe1 e5 14.fxe5 dxe5 15.Nb3 Nc4
16.Qf2 Be6 17.Qc5 Rac8 18.Qxc7 Rxc7 19.Rd3  1/2-1/2

[Event "Caissa IM Oct 2013"]
[Site "Kecskemet HUN"]
[Date "2013.10.25"]
[Round "7.1"]
[White "Hajnal,Z"]
[Black "Farkas,Ti"]
[Result "1-0"]
[WhiteElo "2346"]
[BlackElo "2257"]

1.e4 g6 2.d4 Bg7 3.Nc3 d6 4.Bg5 Nf6 5.Qd2 O-O 6.O-O-O c6 7.h4 b5 8.f3 Qa5
9.a3 Nbd7 10.h5 e5 11.hxg6 fxg6 12.dxe5 dxe5 13.Kb1 Qc7 14.g4 Nb6 15.Qh2 Be6
16.Nge2 a5 17.Bxf6 Bxf6 18.Nd4 Bc4 19.Bxc4+ Nxc4 20.g5 Qf7 21.gxf6 exd4 22.Rxd4 Rfd8
23.e5 Rxd4 24.e6 Qxf6 25.Qxh7+ Kf8 26.Qb7 Kg8 27.Qxa8+ Rd8 28.Qb7 Qg7 29.Qxc6 Nxb2
30.e7 Qxe7 31.Qxg6+  1-0

[Event "29th ECC Open 2013"]
[Site "Rhodes GRE"]
[Date "2013.10.25"]
[Round "6.10"]
[White "Delorme,Al"]
[Black "Yilmazyerli,M"]
[Result "0-1"]
[WhiteElo "2283"]
[BlackElo "2414"]

1.e4 g6 2.d4 Bg7 3.Nc3 d6 4.Be3 a6 5.f4 b5 6.Nf3 b4 7.Na4 Nf6 8.Bd3 Bb7 9.e5 Nd5
10.Qd2 Nd7 11.O-O O-O 12.c4 Nxe3 13.Qxe3 Bc6 14.Bc2 e6 15.Rad1 Re8 16.Ng5 Qe7
17.d5 exd5 18.cxd5 Bb5 19.Qh3 Nf8 20.Rfe1 dxe5 21.d6 cxd6 22.Bb3 Bd7 23.Qd3 Be6
24.Nb6 Qa7  0-1

[Event "29th ECC Open 2013"]
[Site "Rhodes GRE"]
[Date "2013.10.25"]
[Round "6.22"]
[White "Kosmo,S"]
[Black "Van Kemenade,Julie"]
[Result "1-0"]
[WhiteElo "2237"]
[BlackElo "1743"]

1.e4 d6 2.d4 g6 3.Nc3 Bg7 4.f4 b6 5.Nf3 Bb7 6.Bd3 Nd7 7.O-O e6 8.f5 Ne7 9.fxe6 fxe6
10.Kh1 h6 11.Qe1 Nf8 12.d5 a6 13.Be3 Qd7 14.Bd4 e5 15.Be3 g5 16.Ne2 Nfg6
17.c4 Nf4 18.Nxf4 gxf4 19.Bf2 Bf6 20.b4 Qg4 21.c5 bxc5 22.bxc5 Rd8 23.Qa5 Qc8
24.c6 Bxc6 25.dxc6 Rg8 26.h3 Nxc6 27.Qxa6 Qxa6 28.Bxa6 Nb4 29.Bc4 Rg7 30.Rac1 d5
31.Bb5+ c6 32.Bxc6+ Nxc6 33.Rxc6 dxe4 34.Rxf6 exf3 35.gxf3 Rd3 36.Bh4 Ra7
37.Rf2 Ra5 38.Kg2 Kd7 39.Rxh6 Rda3 40.Rh7+ Ke6 41.Re7+ Kd6 42.Rd2+ Kc6 43.Bf2 e4
44.Re6+ Kb5 45.Rb2+ Kc4 46.Rxe4+ Kc3 47.Rb3+ Rxb3 48.axb3 Rg5+ 49.Kh2 Kxb3
50.Rxf4 Kc2 51.Re4 Kd3 52.h4 Rg8 53.Re7 Rf8 54.Kg2  1-0

[Event "17th OIBM 2013"]
[Site "Bad Wiessee GER"]
[Date "2013.10.26"]
[Round "1.14"]
[White "Assmann,J"]
[Black "Hausrath,D"]
[Result "0-1"]
[WhiteElo "2094"]
[BlackElo "2532"]

1.e4 g6 2.d4 Bg7 3.Nc3 d6 4.Be2 a6 5.Be3 Nd7 6.Qd2 b5 7.h4 Bb7 8.h5 b4 9.Nd5 e6
10.Nf4 Bxe4 11.hxg6 hxg6 12.Rxh8 Bxh8 13.Bd3 Bxd3 14.Qxd3 Ne7 15.Nf3 Qb8
16.O-O-O Qb5 17.Rh1 Bf6 18.Rh7 Nf8 19.Rh1 Qxd3 20.Nxd3 Nd5 21.Bg5 Ke7 22.Rh8 Re8
23.Rh4 Nd7 24.Nf4 Bxg5 25.Nxg5 Nxf4 26.Rxf4 f6 27.Nh3 g5 28.Re4 d5 29.Re3 Rh8
30.a3 a5 31.axb4 axb4 32.Rb3 Rh4 33.f4 gxf4 34.Kd2 f3 35.Rxf3 Rxd4+ 36.Kc1 Ne5
37.Rg3 Rg4 38.Rb3 Nc6 39.c3 Rxg2 40.cxb4 Nd4 41.Rd3 Rg3  0-1

[Event "17th OIBM 2013"]
[Site "Bad Wiessee GER"]
[Date "2013.10.26"]
[Round "2.26"]
[White "Foerster,S"]
[Black "Mons,L"]
[Result "1-0"]
[WhiteElo "2119"]
[BlackElo "2432"]

1.e4 g6 2.d4 Bg7 3.Nc3 d6 4.f4 a6 5.Nf3 b5 6.Bd3 Nd7 7.e5 Bb7 8.Be4 Qc8 9.O-O Nh6
10.Re1 Nb6 11.a4 b4 12.Bxb7 Qxb7 13.Ne4 O-O 14.a5 Nd7 15.c3 Rab8 16.Qa4 Rfd8
17.Neg5 e6 18.Bd2 bxc3 19.bxc3 Nf5 20.Nxf7 Kxf7 21.Ng5+ Kg8 22.Nxe6 Qd5 23.Nxd8 Rxd8
24.Qa2 Qxa2 25.Rxa2 h5 26.Rb2 c5 27.Be3 cxd4 28.cxd4 g5 29.g3 gxf4 30.gxf4 Bh6
31.Kf2 dxe5 32.fxe5 Bxe3+ 33.Rxe3 Nxe3 34.Kxe3 Kf7 35.Rb7 Ke8 36.d5 Rb8 37.Rxb8+ Nxb8
38.e6  1-0

[Event "17th OIBM 2013"]
[Site "Bad Wiessee GER"]
[Date "2013.10.26"]
[Round "2.5"]
[White "Kaeding,R"]
[Black "Postny,E"]
[Result "1-0"]
[WhiteElo "2151"]
[BlackElo "2631"]

1.e4 g6 2.d4 Bg7 3.Nc3 d6 4.Be3 c6 5.a4 Nf6 6.h3 O-O 7.Nf3 Nbd7 8.Be2 e5
9.dxe5 dxe5 10.O-O Qe7 11.Qc1 Nc5 12.Nd2 Ne6 13.Nb3 Nd7 14.Rd1 f5 15.exf5 gxf5
16.Bc4 f4 17.Bxe6+ Qxe6 18.Nc5 Nxc5 19.Bxc5 Qg6 20.Rd6 Bf6 21.Kh2 Bf5 22.Qf1 b6
23.Ba3 Rac8 24.Re1 Kh8 25.Rxc6 Rxc6 26.Bxf8 e4 27.Nd5 Rxc2 28.Nxf6 Qxf6 29.Bb4 Qxb2
30.Qb5 Qf6 31.Qe8+ Kg7 32.Rd1 Rc6 33.Bf8+ Qxf8 34.Qxc6 Bg6 35.Qc7+ Kh6 36.Rd7 Qf5
37.Qd8 f3 38.Qh4+ Bh5 39.Rd6+ Kg7 40.g4 Qe5+ 41.Qg3 Qxg3+ 42.Kxg3 Be8 43.Re6 Bxa4
44.Rxe4 Bd1 45.Re7+ Kg6 46.Rxa7 b5 47.Rb7 Be2 48.Kf4 Kh6 49.h4 Kg6 50.Rb6+ Kg7
51.Kg5 Kf7 52.h5 Ke7 53.Rb7+ Kd6 54.Rxh7 Bd3 55.Rh8 Kc7 56.h6 b4 57.h7  1-0

[Event "29th ECC Open 2013"]
[Site "Rhodes GRE"]
[Date "2013.10.26"]
[Round "7.25"]
[White "Buchanan,W"]
[Black "Munk,Kai"]
[Result "1-0"]
[WhiteElo "2122"]
[BlackElo "2033"]

1.e4 g6 2.d4 d6 3.Nc3 Bg7 4.f4 Nf6 5.Nf3 Bg4 6.h3 Bxf3 7.Qxf3 c6 8.Be2 Qb6
9.Qf2 Nbd7 10.e5 Nd5 11.Ne4 dxe5 12.fxe5 Nb4 13.Bd1 Rd8 14.O-O Nxe5 15.dxe5 Qxf2+
16.Nxf2 Bxe5 17.a3 Nd5 18.c3 f5 19.Bb3 Bf6 20.Re1 e5 21.Nd3 e4 22.Nb4 Nxc3
23.bxc3 Bxc3 24.Bg5 Bxa1 25.Rxa1 a5 26.Bxd8 Kxd8 27.Nc2 Re8 28.Rd1+ Kc7 29.Nd4 b5
30.Rc1 Kd6 31.Rxc6+ Ke5 32.Re6+ Rxe6 33.Nxe6 h6 34.h4 f4 35.Kf2 g5 36.hxg5 hxg5
37.Nxg5 Kd4 38.Nxe4 Kxe4 39.Bf7 Kd4 40.Be8 b4 41.axb4 axb4 42.Bf7 Ke4 43.Bg8 b3  1-0

[Event "29th ECC Open 2013"]
[Site "Rhodes GRE"]
[Date "2013.10.26"]
[Round "7.23"]
[White "Mihasi,Lime"]
[Black "Freeman,G"]
[Result "0-1"]
[WhiteElo "2030"]
[BlackElo "2056"]

1.e4 d6 2.d4 g6 3.Nc3 Bg7 4.Nf3 Nf6 5.Bc4 O-O 6.O-O Nxe4 7.Nxe4 d5 8.Bd3 dxe4
9.Bxe4 Nd7 10.Bg5 Nf6 11.Bd3 Qd6 12.h3 c5 13.dxc5 Qxc5 14.Re1 b6 15.Qe2 e6
16.Ne5 Nd7 17.Nf3 Bb7 18.Be3 Qh5 19.Nd4 Qd5 20.f3 Bxd4 21.Be4 Bxe3+ 22.Qxe3 Qb5
23.Bxb7 Rab8 24.Be4 Qxb2 25.c3 Rbc8 26.Rac1 Rfd8 27.Re2 Qb5 28.Kh1 Nf6 29.Qf2 Nxe4
30.Rxe4 Rd3 31.c4 Qd7 32.Rc2 Rd8 33.Rce2 Rd2 34.Rxd2 Qxd2 35.Qh4 Qd1+ 36.Kh2 Qd6+
37.Kh1 Rd7 38.Qf6 Qd1+ 39.Kh2 Qd6+ 40.f4 Qc5 41.Qb2 Rd1 42.Qc3 h5 43.Kg3 Qd6
44.Kh2 Qd3 45.Qe5 h4 46.Re3 Qf1  0-1

[Event "29th ECC Open 2013"]
[Site "Rhodes GRE"]
[Date "2013.10.26"]
[Round "7.15"]
[White "Michalczak,T"]
[Black "Townsend,M"]
[Result "1-0"]
[WhiteElo "2305"]
[BlackElo "2233"]

1.e4 g6 2.d4 Bg7 3.Nc3 d6 4.Nf3 a6 5.Bd3 Nd7 6.O-O b5 7.e5 Bb7 8.e6 fxe6
9.Ng5 Nf8 10.Re1 Qd7 11.a4 b4 12.Nce4 h6 13.Nf3 Nf6 14.Bd2 Nxe4 15.Bxe4 Bxe4
16.Rxe4 a5 17.Qe2 Qc6 18.Bf4 e5 19.dxe5 d5 20.Re3 Ne6 21.Bg3 O-O 22.Rd1 Rad8
23.b3 Qb6 24.Red3 c6 25.h4 Nc5 26.Qe3 e6 27.Qd4 Rb8 28.Re3 Ne4 29.Rxe4 dxe4
30.Qxe4 Rbd8 31.Rd6 Kf7 32.Qf4+ Ke7 33.Qg4 Rxd6 34.exd6+ Kd7 35.Qxg6 Bf6
36.Qxh6 Qd8 37.Qh7+ Kc8 38.Qa7  1-0

[Event "14th Liberec Open"]
[Site "Liberec CZE"]
[Date "2013.10.29"]
[Round "5.1"]
[White "Braun,Mare"]
[Black "Ostling,H"]
[Result "1/2-1/2"]
[WhiteElo "2229"]
[BlackElo "2203"]

1.e4 g6 2.d4 Bg7 3.Nc3 d6 4.Nf3 a6 5.a4 b6 6.Bc4 e6 7.O-O Nd7 8.Re1 Bb7 9.Bg5 Ne7
10.Qd2 h6 11.Be3 Kf8 12.h3 Kg8 13.Nh2 Nf6 14.Ng4 Nxg4 15.hxg4 d5 16.exd5 Nxd5
17.Nxd5 Bxd5 18.Qe2 h5 19.g5 Bb7 20.c3 Qd6 21.Rad1 a5 22.Bc1 Rd8 23.Bd3 Qd7
24.Be4 Bxe4 25.Qxe4 Kh7 26.Qf3 Rhe8 27.Bf4 Kg8 28.b3 c6 29.Be5 Bxe5 30.dxe5 Qc7
31.Qf4 Rxd1  1/2-1/2